000 00363nam a22001577a 4500
003 MPLRDC
005 20220104142902.0
008 210129b ||||| |||| 00| 0 eng d
082 _a177.2 XDZ c.2
100 _a徐东哲著
245 _a立身. 处世. 创业
_c
260 _a
_b新力书书局
_c
300 _b
650 _a
942 _cBK
_o177.2 XDZ c.2
999 _c34540
_d34530